000
00307nam a2200145Ia 4500
100
_a
Beiser/Arthur
942
_c
BK
654
_a
physics
245
_a
Perspectives of Modern Physics
260
_b
McGraw Hill
_a
Auckland
_c
1981
082
_a
539
_b
BEI
300
_a
610
546
_a
ENGLISH
999
_c
34331
_d
34331